NLSUI OPAC header image

War and human rights (Record no. 14802)

MARC details
000 -LEADER
fixed length control field 00469nam a2200157Ia 4500
008 - FIXED-LENGTH DATA ELEMENTS--GENERAL INFORMATION
fixed length control field 160316s1999 xxu||||| |||| 00| 0 eng d
082 ## - DEWEY DECIMAL CLASSIFICATION NUMBER
Classification number 341.650000
Item number KHA
100 ## - MAIN ENTRY--PERSONAL NAME
Personal name Khanna S K
245 ## - TITLE STATEMENT
Title War and human rights
250 ## - EDITION STATEMENT
Edition statement
260 ## - PUBLICATION, DISTRIBUTION, ETC.
Place of publication, distribution, etc. Delhi
Name of publisher, distributor, etc. Dominant Publishers & Distributors
Date of publication, distribution, etc. 1999
300 ## - PHYSICAL DESCRIPTION
Extent 336p
Other physical details
Dimensions v
365 ## - TRADE PRICE
Price amount Rs.550
650 ## - SUBJECT ADDED ENTRY--TOPICAL TERM
Topical term or geographic name entry element 1. Human Rights - Sick/Wounded Persons of War<br/>2. Human Rights - Protection Civilians - War Period
700 ## - ADDED ENTRY--PERSONAL NAME
Personal name
--
Holdings
Withdrawn status Lost status Damaged status Not for loan Home library Current library Shelving location Date acquired Cost, normal purchase price Total Checkouts Full call number Barcode Date last seen Price effective from Koha item type
        NLS NLS   30/05/2017 550.00   341.65 KHA 14935 30/05/2017 30/05/2017 BOOKs